01149cam a2200253 a 45000010005000000030006000050050017000110080041000280100017000690200015000860200026001010400030001270420014001570500017001710820012001881000022002002450056002222600039002783000025003175200447003426500016007896500059008056550031008646001FISKH20250310162054.0990218s1999 nyu 000 1 eng d a 99236288  a0671027344 a9781471116148c$15.00 aNBPucNBPudCoDdDLCbeng alccopycat aPN1997 .P466 a791.43 1 aChbosky, Stephen.14aThe perks of being a wallflower /cStephen Chbosky. aSydney :bSimon & Schuster,c1999. a231 pages : c20 cm  aBased on the wildly popular novel by Stephen Chbosky about a freshman named Charlie who is always watching from the sidelines until a pair of charismatic seniors takes him under their wing. Beautiful, free-spirited Sam and her fearless stepbrother Patrick shepherd Charlie through new friendships, first love, burgeoning sexuality, bacchanalian parties, midnight screenings of The Rocky Horror Picture Show and the quest for the perfect song. aWallflower  2Personal & Social IssuesvSelf-awareness xSelf-esteem 7aEpistolary fiction.2gsafd